Philosophical designs for a socio-cultural transformation: beyond violence and the modern era
-д хадгалсан:
| Үндсэн зохиолчид: | , , , |
|---|---|
| Формат: | Ном |
| Хэл сонгох: | англи испани |
| Хэвлэсэн: |
Tokio
E.H.E.S.C
1998
|
| Цуврал: | Colección Isla
|
| Нөхцлүүд: | |
| Шошгууд: |
Шошго нэмэх
Шошго байхгүй, Энэхүү баримтыг шошголох эхний хүн болох!
|
MARC
| LEADER | 00000nam a2200000 a 4500 | ||
|---|---|---|---|
| 001 | UCP5515 | ||
| 003 | CL-VaPUC | ||
| 008 | 990927e19980000JA |||||||||||||||||eng|d | ||
| 041 | 0 | 7 | |a eng |2 CL-VaPUC |
| 041 | 0 | 7 | |a spa |2 CL-VaPUC |
| 082 | 0 | 4 | |a 301 |b YAM |2 21 |
| 100 | 0 | |a Yamamoto, Tetsuji |e author |9 433972 | |
| 700 | 0 | |a Andrew, Edward G |e author |9 433973 | |
| 700 | 0 | |a Chartier, Roger |e author |9 433974 | |
| 700 | 0 | |a Rabinow, Paul |e author |9 433975 | |
| 245 | 1 | 0 | |a Philosophical designs for a socio-cultural transformation: beyond violence and the modern era |
| 300 | |a 856 p | ||
| 942 | |c BK | ||
| 945 | |d 19990927 00:00:00 |a vberengu | ||
| 260 | |a Tokio |b E.H.E.S.C |c 1998 | ||
| 650 | 0 | |a Sociología |9 255410 | |
| 650 | 0 | |a Cambio cultural |9 338163 | |
| 650 | 0 | |a Cambio social |9 256857 | |
| 650 | 0 | |a Desarrollo social |9 264534 | |
| 650 | 0 | |a Evolución social |9 260808 | |
| 650 | 0 | |a Problemas sociales |9 258537 | |
| 650 | 0 | |a Sociedad |9 307903 | |
| 650 | 0 | |a Violencia |9 255411 | |
| 651 | 0 | |a Estados Unidos |9 255178 | |
| 651 | 0 | |a México |9 255269 | |
| 583 | |a last modification |c 19990927 00:00:00 |k Rodrigo Vera | ||
| 490 | 0 | |a Colección Isla | |
| 999 | |c 283256 |d 283254 | ||
| 952 | |0 0 |1 0 |4 0 |6 301_000000000000000_YAM_1998 |7 0 |8 P |9 326182 |a BIBEDU |b BIBEDU |c BIBEDU_PB |d 2019-11-20 |i 3544907 |o 301 YAM 1998 |p 3544907 |r 2024-01-25 |w 2019-11-20 |y BK |k FIL | ||